| 000 | 005320000a22001810004500 | ||
|---|---|---|---|
| 003 | MACL | ||
| 005 | 20160315173525.0 | ||
| 008 | 160315b xxu||||| |||| 00| 0 eng d | ||
| 040 |
_aMACL _cMACL |
||
| 041 | _aHindi | ||
| 082 | _a920 | ||
| 100 |
_aहरिश्चन्द्र प्रिंसिपल _946337 |
||
| 245 | _aहमारे बापू | ||
| 260 |
_bगौतम बुक डिपो _c1948 _aनई दिल्ली |
||
| 350 | _a2 | ||
| 650 |
_aBiography _946338 |
||
| 942 |
_cHIN _k920 _2ddc |
||
| 999 |
_c23313 _d23313 |
||